000 00687nam a2200205Ia 4500
999 _c36335
_d36335
001 2243
003 GE_BSU
005 20231225171528.0
008 181216s1990ru xx |||||||||||||| ||rus||
020 _a5520004994
040 _cGE_BSU
041 _arus
080 _a94(479/22) О-94
245 _aОчерки истории Грузии :
_bВ 8-ми томах. Т.VI Грузия В XIX веке /
264 _aТбилиси :
_bМецниереба,
_c1990.
300 _a615 с.:
_b20 см.
653 _aОчерки истории Грузии
653 _aნარკვევები საქართველოს ისტორიიდან
942 _cBK
_2udc